شذرات : حكم و خواطر ... و عبر /ألف خاطرة .... و خاطرة / (رقم التسجيلة. 138022)

تفاصيل مارك
000 -LEADER
fixed length control field 00557nam a22001697a 4500
005 - DATE AND TIME OF LATEST TRANSACTION
control field 20251108175613.0
008 - FIXED-LENGTH DATA ELEMENTS--GENERAL INFORMATION
fixed length control field 250721s2017 xx 000 0 ara d
082 14 - DEWEY DECIMAL CLASSIFICATION NUMBER
Classification number 818.02/فقي
100 1# - MAIN ENTRY--PERSONAL NAME
Personal name فقيه، محمد حسن
245 10 - TITLE STATEMENT
Title شذرات : حكم و خواطر ... و عبر /ألف خاطرة .... و خاطرة /
264 1# - PRODUCTION, PUBLICATION, DISTRIBUTION, MANUFACTURE, AND COPYRIGHT NOTICE
Place of production, publication, distribution, manufacture عمان :
Name of producer, publisher, distributor, manufacturer دار الفاروق للنشر والتوزيع،
Date of production, publication, distribution, manufacture, or copyright notice 2017.
300 ## - PHYSICAL DESCRIPTION
Extent ج2.
650 17 - SUBJECT ADDED ENTRY--TOPICAL TERM
Topical term or geographic name as entry element الادب العربي
650 17 - SUBJECT ADDED ENTRY--TOPICAL TERM
Topical term or geographic name as entry element الحكم و الامثال
942 ## - ADDED ENTRY ELEMENTS (KOHA)
Source of classification or shelving scheme Dewey Decimal Classification
Koha item type كتب
المقتنيات
حالة السحب حالة الفقدان مصدر التصنيف حالة التلف غير قابل للإعارة المكتبة الرئيسية المكتبة الحالية موقع الرف تاريخ التزويد الرقم المتسلسل Total Checkouts رقم الإستدعاء الباركود تاريخ آخر ظهور تاريخ الفاتورة نوع المادة (كوها)
    Dewey Decimal Classification     المكتبة المركزية المكتبة المركزية الإعارة 28/07/2025 1690326   818.02/فقي PLD00436203 28/07/2025 28/07/2025 كتب
    Dewey Decimal Classification     المكتبة المركزية المكتبة المركزية مقتنيات قسم التزويد 28/07/2025 1690327   818.02/فقي   28/07/2025 28/07/2025 كتب
    Dewey Decimal Classification     المكتبة المركزية المكتبة المركزية مقتنيات قسم التزويد 28/07/2025 1690329   818.02/فقي   28/07/2025 28/07/2025 كتب
    Dewey Decimal Classification     مكتبة أبو علندا العامة مكتبة أبو علندا العامة الإعارة 31/10/2018 1690334   818.02/فقي PLD00436410 28/07/2025 31/10/2018 كتب
    Dewey Decimal Classification     مكتبة الجويدة مكتبة الجويدة الإعارة 31/10/2018 1690330   818.02/فقي PLD00436406 28/07/2025 31/10/2018 كتب
    Dewey Decimal Classification     مكتبة الحسن العامة مكتبة الحسن العامة الإعارة 31/10/2018 1690333   818.02/فقي PLD00436409 28/07/2025 31/10/2018 كتب
    Dewey Decimal Classification     مكتبة بيت السينما مكتبة بيت السينما الإعارة 31/10/2018 1690335   818.02/فقي PLD00436411 28/07/2025 31/10/2018 كتب
    Dewey Decimal Classification     مكتبة صويلح العامة مكتبة صويلح العامة الإعارة 31/10/2018 1690332   818.02/فقي PLD00436408 28/07/2025 31/10/2018 كتب
Implemented & Customized by: BBB with SCIT (Smart Chains for Information Technology)

Powered by Koha